| 000 | 00934cam a22002774a 4500 | ||
|---|---|---|---|
| 001 | 11827026 | ||
| 005 | 20180124041054.0 | ||
| 008 | 991029s2000 caua b 001 0 eng c | ||
| 010 | _a 99057053 | ||
| 020 | _a0769300057 (soft cover : alk. paper) | ||
| 035 | _a(DNLM)100899296 | ||
| 040 |
_aDNLM/DLC _cDLC _dDLC |
||
| 041 | _aeng | ||
| 042 | _apcc | ||
| 060 | 1 | 0 |
_aWV 500 _bS824c 2000 |
| 080 | _a616.855 STE | ||
| 082 | 0 | 0 |
_a616.855 STE _221 |
| 100 | 1 | _a9 | |
| 101 | _aPAT | ||
| 245 | 1 | 0 |
_aClinical voice pathology : _cJoseph C. Stemple, Leslie E. Glaze, Bernice K. Gerdeman. |
| 504 | _aIncludes bibliographical references and index. | ||
| 906 |
_a7 _bcbc _corignew _d1 _eocip _f19 _gy-gencatlg |
||
| 942 |
_2ddc _cBK |
||
| 999 |
_c40836 _d40836 |
||